Plus grandes villes de Macédoine du Nord - Statistiques

Statistiques générales
  • Ce quiz a été pris 133 fois
  • Le résultat moyen est 4 sur 10
Statistiques - réponses
Population Ville % Correct
512,000 Skopje
100%
38,380 Ohrid
55%
73,300 Kumanovo
48%
56,770 Tetovo
48%
70,470 Bitola
41%
63,350 Prilep
31%
36,890 Strumica
29%
42,490 Veles
26%
44,250 Štip
24%
36,970 Gostivar
20%
Aucun quiz correspondant
Distribution des résultats
% des personnes avec chaque résultat
Percentile par nombre de réponses
Votre historique - résultats
Vous n’avez pas pris ce quiz